World war II
| Formato: | Electrónico Revista |
|---|---|
| Lenguaje: | inglés |
| Publicado: |
[Leesburg, Va.] :
[Empire Press],
1986-
Leesburg, VA : Wieder History Group, Inc. HistyorNet, LLC |
| Materias: | |
| Acceso en línea: | Full text available from Research Library: 07/01/1998 to present |
MARC
| LEADER | 00000nas a2200000 a 4500 | ||
|---|---|---|---|
| 001 | ssj0013046 | ||
| 003 | WaSeSS | ||
| 005 | 20200512172242.0 | ||
| 006 | m d | ||
| 007 | cr n | ||
| 008 | 860508c19869999vaumr p s 0 a0eng c | ||
| 010 | |a 90660022 |z sn 88015537 | ||
| 022 | |l 0898-4204 |y 0898-4204 | ||
| 032 | |a 002124 |b USPS | ||
| 035 | |a (WaSeSS)ssj0013046 | ||
| 037 | |b Empire Press, 105 Loudoun St., S.W., Leesburg, Va., 22075 | ||
| 040 | |a LDL |b eng |c LDL |d NST |d NSD |d DLC |d NST |d DLC |d HUL |d SYS |d OCLCQ |d DLC |d NLGGC |d OCLCQ |d DLC |d OCLCQ |d IGP |d OCLCQ |d OCLCF |d OCLCO |d OCL |d GILDS |d OCLCO |d OCLCQ |d OCLCO |d UBY |d OCL |d WaSeSS | ||
| 042 | |a pcc |a nsdp | ||
| 050 | 0 | 0 | |a D731 |b .W68 |
| 082 | 0 | 0 | |a 940.53/05 |2 20 |
| 130 | 0 | |a World War II (Leesburg, Va.) | |
| 210 | 0 | |a World war II | |
| 222 | 0 | |a World war II | |
| 245 | 1 | 0 | |a World war II |h [electronic resource]. |
| 246 | 3 | 0 | |a World war two |
| 246 | 3 | 0 | |a World war 2 |
| 260 | |a [Leesburg, Va.] : |b [Empire Press], |c 1986- | ||
| 260 | 2 | |3 <2011-> |a Leesburg, VA : |b Wieder History Group, Inc. | |
| 260 | 3 | |3 <2017-> |b HistyorNet, LLC | |
| 310 | |a Bimonthly |b <May/June 2011-> | ||
| 321 | |a 10 times a year, |b Apr. 2004- | ||
| 362 | 0 | |a [Vol. 1, no. 1] (May 1986)- | |
| 500 | |a Title from cover. | ||
| 500 | |a Vol. 9-v. 13, no. 3 (1994-1998) published by Cowles History Group ; v. 13, no. 4--(Nov. 1998- published by Primedia Enthusiast Publications; 2006- published: Leesburg, Va. : Weider HIstory Group. | ||
| 506 | |a License restrictions may limit access. | ||
| 515 | |a Vol. 1, no. 1 also called "Premier issue." | ||
| 525 | |a Has supplements on distictive themes issued as special collector's eds. | ||
| 588 | 1 | |a Vol. 32, no. 3 (October 2017). | |
| 647 | 7 | |a World War |d (1939-1945) |2 fast |0 (OCoLC)fst01180924 | |
| 648 | 7 | |a 1939-1945 |2 fast | |
| 650 | 0 | |a World War, 1939-1945 |v Periodicals. | |
| 650 | 1 | 7 | |a Tweede Wereldoorlog. |2 gtt |
| 655 | 0 | |a Electronic journals. | |
| 850 | |a AMAU |a CoFS |a DLC |a IaU |a MH |a NN | ||
| 853 | 0 | 0 | |8 1 |a v. |b no. |i (year) |j (month) |
| 856 | 4 | 0 | |z Full text available from Research Library: 07/01/1998 to present |u https://search.proquest.com/publication/5173 |
| 863 | 4 | 0 | |8 1 |a <1> |b <5>- |i <1987> |j <Jan.>- |x provisional |